Los reptiles /

Guardado en:
Autor Principal: Schmidt, Karl P.
Otros Autores: Inger, Robert F.
Formato: Libro
Publicado: España : Seix Barral, 1960
Edición:2a. ed.
Materias:
Etiquetas: Agregar Etiqueta
Sin Etiquetas, Sea el primero en etiquetar este registro!
LEADER 00742nam a22002295a 4500
001 CEM.cems005892
005 20060214000000.0
008 130507s1960##################000#0#####d
003 CEMS
082 0 4 |a 598.1 
100 1 |a Schmidt, Karl P. 
245 1 0 |a Los reptiles / 
250 |a 2a. ed. 
260 |a España :  |b Seix Barral,  |c 1960 
300 |a 294 p. 
505 0 |a Del archeopteryx al gorri¢n.-De qu' se valen para volar.-La despensa del ave.-Cu ntas hay?.-El enigma de la migraci¢n.-C¢mo se comunican las aves.-Hacia un equilibrio con el hombre. 
653 |a Ofidios 
653 |a Reptiles 
653 |a Viboras 
653 |a Zoologia 
700 1 |a Inger, Robert F. 
859 |a CEMS  |b BIB. CEMS - 11 de abril  |h 598.1  |i Sch52a2  |p 14309.86  |t Ej.1